[Event "ICS Rated blitz match"]
[Site "204.178.125.65"]
[Date "2001.08.17"]
[Round "?"]
[White "NAZZBLUE"]
[Black "Hossa"]
[Result "1-0"]
[WhiteElo "2343"]
[BlackElo "2531"]
[PlyCount "108"]
[EventDate "2001.??.??"]

1. d4 d5 2. c4 dxc4 3. e4 Nc6 4. Nf3 b5 5. a4 Bg4 6. d5 Na5 7. axb5 Nb3 8. Ra2
f5 9. Bxc4 fxe4 10. Bxb3 exf3 11. gxf3 Bh3 12. Qc2 Qd7 13. Nd2 Nf6 14. Ba4 Qxd5
15. b6+ Bd7 16. bxc7 Rc8 17. Bxd7+ Qxd7 18. Rxa7 e6 19. Ne4 Nd5 20. Bd2 Rxc7
21. Ra8+ Kf7 22. Ng5+ Ke7 23. Qe4 h6 24. Qh4 Qc6 25. Rb8 Qa6 26. Nxe6+ Kxe6 27.
Qe4+ Kf6 28. Qxd5 Qe6+ 29. Qxe6+ Kxe6 30. O-O Rg8 31. Re1+ Kf7 32. Ree8 Rc4 33.
b4 Rd4 34. Be3 Rd5 35. b5 Rf5 36. b6 Rb5 37. b7 g5 38. Ba7 Rxb7 39. Rxf8+ Rxf8
40. Rxb7+ Kg6 41. Kg2 Rf6 42. Rb6 Rxb6 43. Bxb6 Kf5 44. Kg3 Kg6 45. h4 h5 46.
Be3 Kf6 47. hxg5+ Kf5 48. Kh3 Ke5 49. Kh4 Kf5 50. Kxh5 Ke5 51. Kg6 Kd5 52. f4
Ke4 53. Kf7 Kf5 54. g6 Ke4 {Hossa resigns} 1-0

[Event "ICS Rated standard match"]
[Site "204.178.125.65"]
[Date "2001.08.17"]
[Round "?"]
[White "Hossa"]
[Black "smc69"]
[Result "0-1"]
[WhiteElo "2261"]
[BlackElo "2449"]
[PlyCount "52"]
[EventDate "2001.??.??"]

1. e4 c5 2. Nc3 Nc6 3. f4 g6 4. Nf3 Bg7 5. Bb5 Nd4 6. Bd3 d6 7. Nxd4 cxd4 8.
Ne2 Nf6 9. O-O O-O 10. Qe1 Qb6 11. f5 d5 12. e5 Ng4 13. f6 exf6 14. exf6 Nxf6
15. Qh4 Bf5 16. Rxf5 gxf5 17. Ng3 Qe6 18. Nxf5 Rfe8 19. Kf1 Ne4 20. g4 Qe5 21.
Kg2 Qf4 22. Bb5 Ng5 23. Qg3 Qe4+ 24. Kg1 Qxc2 25. Kg2 Qd1 26. Qf2 Re1 {
Hossa resigns} 0-1

[Event "ICS rated standard match"]
[Site "204.178.125.65"]
[Date "2001.08.17"]
[Round "?"]
[White "ChesterX"]
[Black "Hossa"]
[Result "1-0"]
[WhiteElo "2456"]
[BlackElo "2258"]
[PlyCount "78"]
[EventDate "2001.??.??"]

1. e4 c5 2. Nf3 e6 3. d4 cxd4 4. Nxd4 a6 5. c4 Nf6 6. Nc3 d6 7. f3 Be7 8. Be3
O-O 9. Be2 b6 10. O-O Bb7 11. Qc2 Nbd7 12. b3 Ne5 13. Rad1 Qc7 14. f4 Neg4 15.
Bc1 Qc5 16. h3 Nh6 17. g4 e5 18. b4 Qc7 19. Nb3 exf4 20. Bxf4 Rfe8 21. g5 Nxe4
22. gxh6 Ng5 23. Qd3 g6 24. h4 Ne6 25. Bxd6 Qc8 26. Bxe7 Rxe7 27. Nd5 Bxd5 28.
cxd5 Nf8 29. Qd4 f6 30. Bc4 Rc7 31. Rxf6 b5 32. d6+ bxc4 33. dxc7 Qxc7 34. Qd5+
Kh8 35. Qxa8 Qg3+ 36. Qg2 Qb8 37. Rxf8+ Qxf8 38. Rf1 Qd8 39. Qf2 Qb6 {
Hossa resigns} 1-0

[Event "ICS rated blitz match"]
[Site "204.178.125.65"]
[Date "2001.08.17"]
[Round "?"]
[White "Hossa"]
[Black "Tinker"]
[Result "1-0"]
[WhiteElo "2528"]
[BlackElo "2418"]
[PlyCount "59"]
[EventDate "2001.??.??"]

1. Nf3 Nf6 2. g3 d5 3. Bg2 c6 4. c4 dxc4 5. Qc2 b5 6. a4 Bb7 7. b3 cxb3 8. Qxb3
a6 9. Ba3 Nbd7 10. Ng5 e6 11. Bxf8 Nxf8 12. O-O Qd7 13. Qc3 bxa4 14. Rxa4 c5
15. Bxb7 Qxb7 16. Qxc5 N8d7 17. Qd6 Qb5 18. Nxe6 fxe6 19. Qxe6+ Kd8 20. Nc3 Qb6
21. Qf7 g6 22. Nd5 Qc6 23. Qe7+ Kc8 24. Nxf6 Nxf6 25. Rd4 Nd5 26. Rxd5 Re8 27.
Qg5 Kb7 28. Rb1+ Kc8 29. Rc5 Re6 30. Rxc6+ {Tinker resigns} 1-0

[Event "ICS Unrated blitz match"]
[Site "204.178.125.65"]
[Date "2001.08.17"]
[Round "?"]
[White "Hossa"]
[Black "diep"]
[Result "0-1"]
[WhiteElo "2533"]
[BlackElo "2734"]
[PlyCount "192"]
[EventDate "2001.??.??"]

1. e4 c5 2. Nf3 Nc6 3. Be2 Nf6 4. Nc3 Nd4 5. e5 Ng8 6. Nxd4 cxd4 7. Nb5 Qa5 8.
b4 Qb6 9. Bb2 d3 10. Bxd3 a6 11. Na3 Qxb4 12. Nc4 b5 13. Ba3 Qa4 14. Nb6 Qxa3
15. Nxa8 Bb7 16. Nc7+ Kd8 17. Nxb5 axb5 18. O-O b4 19. Qg4 e6 20. Qd4 Qa5 21.
Rfe1 Bc5 22. Qg4 Ne7 23. Be4 Bxe4 24. Qxe4 Qa7 25. Qf3 f6 26. exf6 gxf6 27. c3
Nd5 28. c4 Ne7 29. Rac1 Rf8 30. Qe2 Qxa2 31. Ra1 Qc2 32. Rec1 Qf5 33. Ra8+ Nc8
34. Rca1 Qc2 35. R8a2 Qg6 36. Ra8 b3 37. d3 Bd4 38. Rb1 b2 39. Qf3 Qh6 40. Rf1
Ke7 41. Ra5 Qc1 42. Qd1 Qxd1 43. Rxd1 Nd6 44. Kf1 Rb8 45. Rb1 f5 46. Ke2 Rb3
47. f4 Nb7 48. Rb5 Rxb5 49. cxb5 Kd6 50. h3 Kc5 51. b6 Kxb6 52. Kd2 Kc6 53. g4
Kd5 54. gxf5 exf5 55. Kc2 Nc5 56. Re1 Ne6 57. Rf1 Kd6 58. Rf3 Nc7 59. Rf1 Nd5
60. Rf3 Ke6 61. Kb1 h6 62. Rf1 h5 63. h4 Ne7 64. Kc2 Ng6 65. Rf3 d6 66. Kb1 Kd5
67. Kc2 Bf6 68. Rf1 Ke6 69. Rf3 d5 70. Re3+ Kd6 71. Rf3 Bd4 72. Kb1 Ke7 73. Kc2
Ke6 74. Rf1 Kd6 75. Rf3 Kd7 76. Kb1 Ke6 77. Kc2 Kf6 78. Rf1 Ke6 79. Rf3 Ke7 80.
Kb1 Kf7 81. Rg3 Kf6 82. Rf3 Nxh4 83. Rh3 Ng6 84. Rxh5 Nxf4 85. Rh1 Ng6 86. Kc2
f4 87. Rh3 Kg5 88. Kb1 Ne5 89. Rh8 f3 90. Rf8 f2 91. Rxf2 Bxf2 92. Kxb2 Nxd3+
93. Kb3 Nb4 94. Ka3 d4 95. Kb3 d3 96. Kc3 Be3 {Hossa resigns} 0-1

[Event "ICS rated blitz match"]
[Site "204.178.125.65"]
[Date "2001.08.17"]
[Round "?"]
[White "Hossa"]
[Black "monsoon"]
[Result "1-0"]
[WhiteElo "2533"]
[BlackElo "2550"]
[PlyCount "155"]
[EventDate "2001.??.??"]

1. c4 c5 2. g3 Nc6 3. Bg2 g6 4. Nc3 Bg7 5. a3 a6 6. Nf3 Nf6 7. O-O O-O 8. d3
Rb8 9. Rb1 b5 10. Ng5 h5 11. Bf4 e5 12. cxb5 axb5 13. Bxc6 exf4 14. Bxb5 d5 15.
Qa4 d4 16. Nce4 Nxe4 17. Nxe4 fxg3 18. hxg3 Bg4 19. Rfe1 Rc8 20. Ba6 Rc7 21.
Qa5 Ra7 22. Qxd8 Rxd8 23. Bb5 Rd5 24. Bc4 Re5 25. f3 Bd7 26. f4 Rf5 27. Kf2 Bc6
28. Rh1 Be5 29. Kg2 Bc7 30. Kf3 Be5 31. Ra1 Rb7 32. b3 Kh7 33. a4 Kh8 34. a5
Re7 35. a6 Bb8 36. Ra2 Kg7 37. Ra5 Ba7 38. Raa1 Rf6 39. Rh2 Rd6 40. Kf2 Rdd7
41. Nd2 Re8 42. Nf3 f6 43. Ra2 Re3 44. Ne1 Kh6 45. Nc2 Re8 46. Na3 Rb8 47. g4
f5 48. gxf5 gxf5 49. Ra1 Re7 50. Rg1 Rf8 51. Bf7 Rfxf7 52. Rg5 Rxe2+ 53. Kxe2
Re7+ 54. Kd2 Be8 55. Re2 Rxe2+ 56. Kxe2 h4 57. Kf2 Bd7 58. Rg8 h3 59. Rd8 h2
60. Kg2 h1=R 61. Kxh1 Bc6+ 62. Kh2 Kh5 63. Nc4 Bb5 64. Ne5 Kh6 65. Ra8 Bxa6 66.
Rxa7 Bb5 67. Re7 Bxd3 68. Nxd3 Kg6 69. Nxc5 d3 70. Nxd3 Kf6 71. Rd7 Kg6 72. Kh3
Kf6 73. Nc5 Kg6 74. Ne6 Kf6 75. Ng5 Kg6 76. Nh7 Kh5 77. Nf8 Kh6 78. Rh7# {
monsoon checkmated} 1-0

[Event "ICS rated blitz match"]
[Site "204.178.125.65"]
[Date "2001.08.17"]
[Round "?"]
[White "monsoon"]
[Black "Hossa"]
[Result "1-0"]
[WhiteElo "2533"]
[BlackElo "2550"]
[PlyCount "125"]
[EventDate "2001.??.??"]

1. e4 c5 2. Nf3 e6 3. d4 cxd4 4. Nxd4 Nf6 5. Nc3 Nc6 6. Nxc6 bxc6 7. e5 Nd5 8.
Ne4 Bb7 9. c4 Nb4 10. c5 Qa5 11. Bd2 Bxc5 12. a3 Bxf2+ 13. Nxf2 Qxe5+ 14. Be2
Nd5 15. O-O O-O 16. Bd3 f5 17. Rb1 a5 18. Qb3 Ba6 19. Bxa6 Rxa6 20. Qb7 Rfa8
21. Qxd7 Nf6 22. Qd3 Nd5 23. Rfe1 Qd6 24. Bc3 Rb6 25. Be5 Qd7 26. Kh1 a4 27.
Qc4 Rb5 28. Rbd1 Ra6 29. Nd3 Raa5 30. Bd4 Qd6 31. Ne5 Ra8 32. Nxc6 Rb3 33. Be5
Qd7 34. Ne7+ Qxe7 35. Rxd5 Rb6 36. Rc5 Rb7 37. Bd6 Qd7 38. Rxe6 Kh8 39. Re7
Qxe7 40. Bxe7 Rxe7 41. Rc8+ Re8 42. Rxa8 Rxa8 43. Qc6 Rd8 44. h3 h6 45. Qxa4
Kh7 46. Qc6 Rd2 47. b4 Ra2 48. a4 Rb2 49. Qb7 h5 50. a5 f4 51. a6 f3 52. Qxf3
Rb1+ 53. Kh2 Ra1 54. Qxh5+ Kg8 55. b5 Ra4 56. Qd5+ Kh7 57. b6 Rxa6 58. Qd3+ Kh6
59. Qxa6 Kh7 60. b7 g6 61. b8=Q Kg7 62. Qe8 Kh6 63. Qaxg6# {Hossa checkmated}
1-0

[Event "ICS rated bullet match"]
[Site "204.178.125.65"]
[Date "2001.08.17"]
[Round "?"]
[White "monsoon"]
[Black "Hossa"]
[Result "1-0"]
[WhiteElo "2338"]
[BlackElo "2448"]
[PlyCount "123"]
[EventDate "2001.??.??"]

1. e4 e5 2. Nf3 Nc6 3. Bb5 a6 4. Ba4 g6 5. d4 exd4 6. c3 dxc3 7. Nxc3 Bg7 8.
Bxc6 bxc6 9. O-O Ne7 10. Be3 O-O 11. Bd4 f6 12. b4 a5 13. bxa5 Rxa5 14. Qb3+ d5
15. Qb4 Ra6 16. Bc5 Re8 17. Rfe1 dxe4 18. Qxe4 f5 19. Qc4+ Nd5 20. Bd4 Rxe1+
21. Rxe1 Bxd4 22. Nxd4 Bb7 23. Na4 Qh4 24. Re8+ Kf7 25. Rf8+ Ke7 26. Nxf5+ gxf5
27. Qxh4+ Kxf8 28. Nc5 Rxa2 29. Qh6+ Kg8 30. Qe6+ Kg7 31. Qe5+ Kg6 32. Nxb7 Rc2
33. h4 h6 34. Qe6+ Kg7 35. h5 Rc1+ 36. Kh2 Rc3 37. Qg6+ Kf8 38. Qxf5+ Ke7 39.
Qh7+ Ke8 40. Qxh6 Ke7 41. Qg7+ Ke6 42. h6 Rc4 43. h7 Rh4+ 44. Kg3 Rh1 45. Nc5+
Kf5 46. Kf3 Nf6 47. g4+ Nxg4 48. Qxg4+ Kf6 49. Ne4+ Ke5 50. Qg5+ Ke6 51. Qg8+
Ke7 52. Qg5+ Ke6 53. Nc5+ Kd6 54. Ke4 Re1+ 55. Kf4 Re2 56. Nb7+ Kd7 57. Qg4+
Re6 58. h8=Q c5 59. Nd8 c6 60. Qxe6+ Kc7 61. Qxc6+ Kb8 62. Qb7# {
Hossa checkmated} 1-0

[Event "ICS rated bullet match"]
[Site "204.178.125.65"]
[Date "2001.08.17"]
[Round "?"]
[White "monsoon"]
[Black "Hossa"]
[Result "1-0"]
[WhiteElo "2346"]
[BlackElo "2440"]
[PlyCount "145"]
[EventDate "2001.??.??"]

1. e4 c5 2. Nf3 e6 3. d4 cxd4 4. Nxd4 a6 5. Bd3 g6 6. O-O Bg7 7. Be3 Ne7 8. c4
O-O 9. Nc3 d6 10. Nf3 f5 11. Qd2 fxe4 12. Bxe4 Qc7 13. Rad1 Qxc4 14. Qxd6 Nbc6
15. Nd2 Qb4 16. Qxb4 Nxb4 17. Bc5 Bxc3 18. bxc3 Nxa2 19. Bxe7 Nxc3 20. Bxf8
Nxd1 21. Rxd1 Kxf8 22. Nc4 Rb8 23. Nb6 Ke7 24. Nxc8+ Rxc8 25. Bxb7 Rf8 26. Bxa6
Kf6 27. Bb7 h6 28. Be4 Rb8 29. Rb1 Rd8 30. g3 Rd4 31. Re1 g5 32. g4 Rd8 33. Kg2
Rh8 34. Re3 Rc8 35. Kf3 Rh8 36. Ke2 Rc8 37. Kd2 Rc7 38. Rc3 Rd7+ 39. Rd3 Ra7
40. Ke3 Ke5 41. Rb3 Rf7 42. Rb7 Rf4 43. f3 Rf8 44. Rh7 Rf6 45. Kd3 Kd6 46. Kd4
e5+ 47. Kc4 Re6 48. Bf5 Rf6 49. Rd7+ Kc6 50. Rd5 Kc7 51. Rxe5 Kc6 52. Be4+ Kd7
53. h4 gxh4 54. Rh5 Kc7 55. Rxh4 Kd6 56. Rh5 Ke6 57. Rc5 Kf7 58. Rc7+ Ke6 59.
Kd4 Kd6 60. Ra7 Re6 61. f4 Rf6 62. f5 Rf8 63. Ra6+ Kd7 64. Rxh6 Kd8 65. g5 Kc7
66. g6 Rg8 67. Bd5 Rg7 68. f6 Rxg6 69. Rxg6 Kb8 70. Rg7 Kc8 71. Rb7 Kd8 72. Be6
Ke8 73. Rb8# {Hossa checkmated} 1-0

[Event "ICS rated blitz match"]
[Site "204.178.125.65"]
[Date "2001.08.17"]
[Round "?"]
[White "Hossa"]
[Black "vempula"]
[Result "1/2-1/2"]
[WhiteElo "2533"]
[BlackElo "2574"]
[PlyCount "127"]
[EventDate "2001.??.??"]

1. Nf3 Nf6 2. c4 g6 3. g3 Bg7 4. Bg2 O-O 5. d4 d6 6. O-O Nbd7 7. Nc3 e5 8. dxe5
dxe5 9. Qc2 c6 10. Rd1 Qe7 11. Bg5 h6 12. Be3 Ng4 13. Bd2 f5 14. Nh4 Kh7 15.
Bh3 Ndf6 16. e3 e4 17. Ne2 g5 18. Ng2 Ne5 19. Ne1 Kg6 20. Bg2 Be6 21. b3 c5 22.
Bc3 Qc7 23. a3 Rae8 24. Rd2 h5 25. h4 Bh6 26. hxg5 Bxg5 27. Bh3 Rh8 28. Nf4+
Bxf4 29. exf4 Neg4 30. Ng2 Rd8 31. Rad1 Kf7 32. Bxf6 Nxf6 33. Nh4 Ng4 34. Qc3
b6 35. Bg2 Rxd2 36. Qxd2 Qe7 37. Bh3 Rc8 38. Qe2 Rd8 39. Re1 Rd3 40. Bxg4 hxg4
41. Rb1 Qf6 42. Kg2 Qd4 43. Rb2 Kf6 44. Kh2 a6 45. a4 Qc3 46. Kg2 Qc1 47. Rc2
Qa1 48. Ra2 Qc3 49. Rb2 Qc1 50. Rc2 Qd1 51. Qxd1 Rxd1 52. Kh2 Rb1 53. Rc3 Rb2
54. Kg2 Ke7 55. Ng6+ Kd6 56. Ne5 b5 57. axb5 axb5 58. Kf1 bxc4 59. bxc4 Rb4 60.
Rc1 Kc7 61. Rc2 Rb3 62. Ke2 Rb4 63. Kf1 Rb3 64. Ke2 {
Game drawn by mutual agreement} 1/2-1/2

[Event "ICS rated blitz match"]
[Site "204.178.125.65"]
[Date "2001.08.17"]
[Round "?"]
[White "Havard"]
[Black "Hossa"]
[Result "0-1"]
[WhiteElo "2049"]
[BlackElo "2535"]
[PlyCount "94"]
[EventDate "2001.??.??"]

1. e4 c5 2. Nc3 Nc6 3. f4 e6 4. Nf3 a6 5. d4 cxd4 6. Nxd4 Bb4 7. Nb3 Bxc3+ 8.
bxc3 Nf6 9. Bd3 d5 10. e5 Nd7 11. O-O Qh4 12. c4 dxc4 13. Bxc4 Nb6 14. Bd3 O-O
15. Qf3 Nd5 16. Be4 Rd8 17. Ba3 a5 18. Bd6 a4 19. Nc5 Nd4 20. Qf2 Qxf2+ 21.
Rxf2 Nxf4 22. Nxb7 Nfe2+ 23. Kh1 Bxb7 24. Bxb7 Ra7 25. Be4 Nc3 26. Bd3 f5 27.
g4 g6 28. gxf5 Nxf5 29. Bc4 Nxd6 30. Bxe6+ Nf7 31. Raf1 Rf8 32. Rf3 Rc7 33. Re1
Kg7 34. Ree3 Ng5 35. Rxf8 Kxf8 36. Bg4 Nxa2 37. h4 Rc4 38. Bd1 Rxh4+ 39. Kg2
Rc4 40. Kg3 Nc3 41. Be2 Nxe2+ 42. Rxe2 a3 43. Re3 Rc3 44. e6 Rxe3+ 45. Kf4 Re4+
46. Kxg5 Kg7 47. e7 h6# {Havard checkmated} 0-1

[Event "ICS rated blitz match"]
[Site "204.178.125.65"]
[Date "2001.08.17"]
[Round "?"]
[White "Hossa"]
[Black "Artvandelay"]
[Result "1-0"]
[WhiteElo "2537"]
[BlackElo "2270"]
[PlyCount "199"]
[EventDate "2001.??.??"]

1. e4 e5 2. Nf3 Nc6 3. Bb5 a6 4. Ba4 Nf6 5. d4 exd4 6. O-O Be7 7. e5 Ne4 8.
Bxc6 dxc6 9. Re1 Nc5 10. Nxd4 O-O 11. Nc3 Ne6 12. Nf5 Ng5 13. Nxe7+ Qxe7 14.
Qh5 Ne6 15. Re4 f5 16. Rh4 g6 17. Qh6 Qg7 18. Qxg7+ Nxg7 19. Be3 b6 20. Rd1 Be6
21. f3 Rfd8 22. Rhd4 Rxd4 23. Rxd4 Kf7 24. Kf2 Ke8 25. Bh6 Kf7 26. Ke3 Re8 27.
f4 Bc8 28. Bxg7 Kxg7 29. Rc4 Bd7 30. Ra4 a5 31. Rd4 Bc8 32. Rd2 Kf7 33. Ne2 Ke7
34. a3 Bb7 35. Nd4 c5 36. Nb5 Rc8 37. b3 Bc6 38. Na7 Bb7 39. Nxc8+ Bxc8 40. c4
Be6 41. a4 Bd7 42. h3 h5 43. g3 Be6 44. Kd3 Bd7 45. Kc3 Be6 46. Re2 Bd7 47. h4
Be6 48. Rf2 Ke8 49. Rd2 Ke7 50. Kd3 Ke8 51. Rd1 Ke7 52. Rf1 Ke8 53. Re1 Ke7 54.
Ke3 Ke8 55. Re2 Ke7 56. Kd3 Ke8 57. Rf2 Ke7 58. Rg2 Ke8 59. Re2 Ke7 60. Rb2 Ke8
61. Rc2 Ke7 62. Rh2 Ke8 63. Rh1 Ke7 64. Kc3 Ke8 65. Rd1 Ke7 66. Re1 Ke8 67. Re3
Ke7 68. Kd3 Ke8 69. Kd2 Ke7 70. Re1 Ke8 71. Ke3 Ke7 72. Rd1 Ke8 73. Rd2 Ke7 74.
Rb2 Ke8 75. Kd2 Ke7 76. Kc3 Ke8 77. Rc2 Ke7 78. Rg2 Ke8 79. Rg1 Ke7 80. Rf1 Ke8
81. Rc1 Ke7 82. Kd3 Ke8 83. Ke3 Ke7 84. Rf1 Ke8 85. Rd1 Ke7 86. Kf3 Ke8 87. Re1
Ke7 88. Kg2 Ke8 89. Rf1 Ke7 90. Kf3 Ke8 91. Rd1 Ke7 92. Kf2 Ke8 93. Kf1 Ke7 94.
Ke2 Ke8 95. Kd2 Ke7 96. Kc2 Ke8 97. g4 Ke7 98. gxh5 Ke8 99. hxg6 Ke7 100. h5 {
Artvandelay resigns} 1-0

[Event "ICS Rated blitz match"]
[Site "204.178.125.65"]
[Date "2001.08.17"]
[Round "?"]
[White "Evol"]
[Black "Hossa"]
[Result "0-1"]
[WhiteElo "1995"]
[BlackElo "2543"]
[PlyCount "66"]
[EventDate "2001.??.??"]

1. e4 c5 2. Nf3 d6 3. d4 cxd4 4. Nxd4 Nf6 5. Nc3 g6 6. Be3 Bg7 7. f3 O-O 8. Qd2
Nc6 9. O-O-O d5 10. exd5 Nxd5 11. Nxc6 bxc6 12. Nxd5 cxd5 13. Bd4 Bxd4 14. Qxd4
Bb7 15. h4 f6 16. g4 e5 17. Qe3 Qa5 18. Kb1 Rac8 19. g5 d4 20. Qe1 Qc5 21. Qd2
Bxf3 22. Be2 Bxh1 23. Rxh1 f5 24. h5 Qc6 25. Rh2 gxh5 26. Rxh5 Rfe8 27. g6 hxg6
28. Rh2 Rc7 29. Bd3 Rh7 30. Rxh7 Kxh7 31. Qh2+ Kg7 32. a3 Qd5 33. Qg1 Rh8 {
Evol resigns} 0-1

[Event "ICS rated blitz match"]
[Site "204.178.125.65"]
[Date "2001.08.17"]
[Round "?"]
[White "Hossa"]
[Black "NAZZBLUE"]
[Result "0-1"]
[WhiteElo "2551"]
[BlackElo "2473"]
[PlyCount "113"]
[EventDate "2001.??.??"]

1. e4 e5 2. Nf3 Nc6 3. Bb5 a6 4. Ba4 Nf6 5. Nc3 b5 6. Bb3 Be7 7. d3 d6 8. Nd5
Na5 9. Nxe7 Qxe7 10. O-O O-O 11. Bg5 h6 12. Bh4 Bb7 13. Nd2 Rae8 14. c3 Nxb3
15. Nxb3 c5 16. Qe1 Rc8 17. Na5 Ba8 18. Qe2 g5 19. Bg3 c4 20. dxc4 Qc7 21. b4
Nxe4 22. cxb5 axb5 23. Qxb5 f5 24. Qd3 Qxc3 25. Qxc3 Nxc3 26. f3 Ne2+ 27. Kh1
g4 28. Rad1 gxf3 29. gxf3 Rc3 30. Kg2 Nd4 31. Rxd4 exd4 32. Nb3 f4 33. Be1 Rd3
34. Nc1 Ra3 35. Rf2 Rc8 36. Nb3 d3 37. Nd4 Rc1 38. Bd2 Rc4 39. Nf5 Rxa2 40.
Nxh6+ Kf8 41. Ng4 Rxd2 42. Rxd2 Rc2 43. Rf2 d2 44. Rxd2 Rxd2+ 45. Nf2 Rb2 46.
h4 Ke7 47. b5 Rb3 48. Ne4 Bxe4 49. fxe4 Kf6 50. Kf2 Ke5 51. h5 Kxe4 52. b6 Rxb6
53. h6 d5 54. h7 Rh6 55. Ke1 Rxh7 56. Kd2 Rc7 57. Ke2 {Hossa resigns} 0-1

[Event "ICS rated blitz match"]
[Site "204.178.125.65"]
[Date "2001.08.17"]
[Round "?"]
[White "kako"]
[Black "Hossa"]
[Result "0-1"]
[WhiteElo "2147"]
[BlackElo "2544"]
[PlyCount "55"]
[EventDate "2001.??.??"]

1. e4 e5 2. Nf3 Nc6 3. Bb5 a6 4. Bxc6 dxc6 5. d3 Bd6 6. Qe2 Nf6 7. h3 O-O 8.
Nbd2 Bd7 9. Nf1 Qe7 10. g4 Be6 11. Bg5 Qd8 12. Ng3 Be7 13. Nf5 Bb4+ 14. c3 Bd6
15. d4 Bxf5 16. gxf5 exd4 17. Nxd4 Qe7 18. f3 Bg3+ 19. Kf1 Qe5 20. Rd1 Nh5 21.
Qg2 h6 22. Be3 Rfd8 23. Rd2 Bf4 24. Bxf4 Qxf4 25. Rg1 c5 26. Nb3 c4 27. Qg4
cxb3 28. Rxd8+ {kako resigns} 0-1

[Event "ICS rated blitz match"]
[Site "204.178.125.65"]
[Date "2001.08.17"]
[Round "?"]
[White "Hossa"]
[Black "RedBear"]
[Result "0-1"]
[WhiteElo "2547"]
[BlackElo "2647"]
[PlyCount "168"]
[EventDate "2001.??.??"]

1. e4 c5 2. Nc3 Nc6 3. f4 g6 4. Nf3 Bg7 5. Bb5 Nd4 6. O-O Nxb5 7. Nxb5 d6 8. d4
a6 9. Na3 cxd4 10. Nxd4 Nf6 11. Qd3 O-O 12. Bd2 d5 13. e5 Ne4 14. c4 f6 15. Nf3
Nxd2 16. Qxd2 dxc4 17. Qxd8 Rxd8 18. Nxc4 Be6 19. Nb6 Rab8 20. Rfe1 fxe5 21.
fxe5 Bh6 22. Kf2 Rd3 23. Re4 Bf5 24. Re2 Bg4 25. Kg3 Bxf3 26. gxf3 Rf8 27. Rf1
Bf4+ 28. Kg2 Rf5 29. e6 Ra5 30. a3 Rb5 31. Nc4 Rg5+ 32. Kh1 Rh5 33. Nb6 Kf8 34.
Nd7+ Kg7 35. a4 Rd4 36. Ra1 Bd6 37. Rf1 Rxa4 38. Rd1 Bf4 39. Rc2 Rb4 40. Rg1
Rh3 41. Rf1 Rb5 42. Rff2 Rf5 43. Rf1 Bd6 44. Rcf2 Bg3 45. Rg2 Rfh5 46. Kg1
Bxh2+ 47. Kf2 Rb5 48. Ke3 Rb3+ 49. Kd4 Bd6 50. Ke4 Rh4+ 51. Rg4 Rh2 52. Kd5 h5
53. Rc4 Rb5+ 54. Ke4 Re2+ 55. Kd3 Rbxb2 56. Re4 Red2+ 57. Ke3 g5 58. Rd4 Re2+
59. Kd3 b5 60. Rh1 Kh6 61. Ra1 Rbd2+ 62. Kc3 b4+ 63. Kc4 Rc2+ 64. Kd3 b3 65.
Rxa6 Bf4 66. Rxf4 gxf4 67. Rb6 Re3+ 68. Kd4 b2 69. Rb5 Rxf3 70. Ne5 Rf1 71. Kd3
Rcf2 72. Nc6 b1=Q+ 73. Rxb1 Rxb1 74. Nxe7 Rd1+ 75. Kc3 Kg5 76. Nc6 Rc1+ 77. Kd3
Rxc6 78. e7 Rd6+ 79. Kc3 Re6 80. Kc4 Rxe7 81. Kd4 Rc7 82. Ke5 Rd2 83. Ke6 Rd1
84. Ke5 Re7# {Hossa checkmated} 0-1

[Event "ICS rated blitz match"]
[Site "204.178.125.65"]
[Date "2001.08.17"]
[Round "?"]
[White "Hossa"]
[Black "vitsi"]
[Result "1-0"]
[WhiteElo "2535"]
[BlackElo "2382"]
[PlyCount "79"]
[EventDate "2001.??.??"]

1. Nf3 Nf6 2. g3 g6 3. c4 Bg7 4. d4 O-O 5. Bg2 d6 6. O-O Nc6 7. d5 Nb8 8. Nc3
e5 9. c5 Nbd7 10. cxd6 cxd6 11. Bg5 h6 12. Be3 b6 13. Qc1 Kh7 14. Nb5 Nc5 15.
Qd1 a6 16. Nc3 a5 17. Rc1 Ba6 18. Bh3 Bc8 19. Bxc8 Rxc8 20. Nd2 Ng4 21. Bxc5
bxc5 22. Nc4 f5 23. Nb5 f4 24. Ncxd6 Qg5 25. h4 Qh5 26. Qd3 Rce8 27. Nxe8 Rxe8
28. Rc4 Nf6 29. Rxc5 e4 30. Qd1 e3 31. Nc7 Rf8 32. Ne6 exf2+ 33. Rxf2 fxg3 34.
Nxf8+ Kg8 35. Rf4 Ng4 36. Qb3 Qxh4 37. d6+ Kh8 38. Nxg6+ Kh7 39. Nxh4 h5 40.
Qd3+ {vitsi resigns} 1-0

[Event "ICS rated blitz match"]
[Site "204.178.125.65"]
[Date "2001.08.17"]
[Round "?"]
[White "kako"]
[Black "Hossa"]
[Result "1/2-1/2"]
[WhiteElo "2131"]
[BlackElo "2544"]
[PlyCount "132"]
[EventDate "2001.??.??"]

1. e4 e5 2. Nf3 Nc6 3. Bb5 a6 4. Bxc6 dxc6 5. d3 Bd6 6. Qe2 Nf6 7. Nbd2 O-O 8.
h3 Bd7 9. Nc4 Qe7 10. Bg5 Rab8 11. g4 b5 12. Ne3 Bb4+ 13. Kf1 h6 14. Bh4 Rfd8
15. Nf5 Bxf5 16. gxf5 Re8 17. Rg1 Ra8 18. Nh2 Qd8 19. Ng4 Be7 20. Nxh6+ Kf8 21.
Qe3 Nh5 22. Bxe7+ Qxe7 23. Ng4 Red8 24. f6 Nxf6 25. Qg5 Nxg4 26. Qxe7+ Kxe7 27.
hxg4 Rh8 28. Ke2 Rh4 29. Kf3 Rah8 30. Rg3 Kd6 31. Rd1 c5 32. Rdg1 a5 33. Ke2
Ke6 34. f3 Rh1 35. Kf2 R1h7 36. R3g2 c6 37. Ra1 g6 38. a4 Rh1 39. Rag1 Rxg1 40.
Rxg1 bxa4 41. Kg2 Rb8 42. Ra1 Rxb2 43. Rxa4 Rxc2+ 44. Kg3 Rc3 45. Rxa5 Rxd3 46.
Rxc5 Kd6 47. Ra5 g5 48. Ra7 Ke6 49. Rc7 Rc3 50. Kf2 c5 51. Ke2 c4 52. Kf2 Rc2+
53. Ke3 f6 54. Rc6+ Ke7 55. Rc7+ Kd6 56. Rf7 Ke6 57. Rc7 c3 58. Kd3 Rc1 59.
Rxc3 Rxc3+ 60. Kxc3 Kf7 61. Kc4 Kg6 62. Kd5 Kg7 63. Ke6 Kg6 64. Ke7 Kg7 65. Ke6
Kg6 66. Ke7 Kg7 {Game drawn by mutual agreement} 1/2-1/2

[Event "ICS rated blitz match"]
[Site "204.178.125.65"]
[Date "2001.08.18"]
[Round "?"]
[White "Hossa"]
[Black "mutsnuts"]
[Result "1-0"]
[WhiteElo "2531"]
[BlackElo "2345"]
[PlyCount "107"]
[EventDate "2001.??.??"]

1. c4 e6 2. Nc3 d5 3. d4 Nf6 4. Nf3 Be7 5. Bf4 O-O 6. e3 c6 7. Bd3 Nbd7 8. cxd5
exd5 9. Qc2 Re8 10. O-O Nf8 11. Ne2 Nh5 12. Be5 f6 13. Bg3 Nxg3 14. Nxg3 Bd6
15. Nf5 Bxf5 16. Bxf5 g6 17. Bd3 f5 18. h4 Nd7 19. h5 Nf6 20. hxg6 hxg6 21.
Bxf5 gxf5 22. Qxf5 Qe7 23. Ng5 Rad8 24. Rac1 Rd7 25. g3 Rf8 26. Ne6 Rf7 27.
Qg6+ Kh8 28. Ng5 Rg7 29. Qf5 Bxg3 30. fxg3 Qxe3+ 31. Kh1 Rh7+ 32. Nxh7 Rxh7+
33. Kg2 Qe4+ 34. Qxe4 Nxe4 35. Rh1 a5 36. Rxh7+ Kxh7 37. Kf3 Kg7 38. g4 Kf6 39.
Kf4 Nd2 40. g5+ Kg6 41. Rh1 Ne4 42. Rh6+ Kg7 43. a3 a4 44. Re6 Nd2 45. Re7+ Kg6
46. Rxb7 Nc4 47. Rb4 Kf7 48. Rxa4 Nxb2 49. Ra7+ Ke6 50. g6 Nd3+ 51. Ke3 Kf6 52.
g7 Nb2 53. g8=Q Nd1+ 54. Kf4 {mutsnuts resigns} 1-0

[Event "ICS rated blitz match"]
[Site "204.178.125.65"]
[Date "2001.08.18"]
[Round "?"]
[White "Tinker"]
[Black "Hossa"]
[Result "0-1"]
[WhiteElo "2418"]
[BlackElo "2539"]
[PlyCount "64"]
[EventDate "2001.??.??"]

1. e4 c5 2. Nf3 e6 3. d4 cxd4 4. Nxd4 a6 5. Bd3 Bc5 6. Nb3 Be7 7. O-O d6 8. Qf3
Nf6 9. Qg3 O-O 10. Bh6 Ne8 11. Bd2 Bd7 12. Na5 Bf6 13. Nc4 b5 14. Ba5 Qe7 15.
Nb6 Bxb2 16. Nxa8 Bxa1 17. Nd2 Be5 18. f4 Bd4+ 19. Kh1 Bc6 20. Nb3 Ba7 21. Nb6
Qb7 22. f5 Bxb6 23. Bxb6 Qxb6 24. f6 g6 25. Qh4 Nd7 26. c4 bxc4 27. Bxc4 Nexf6
28. Rxf6 Nxf6 29. Qxf6 Bxe4 30. Qf1 a5 31. Nd2 Qe3 32. Qe2 Qxe2 {Tinker resigns
} 0-1

[Event "ICS rated blitz match"]
[Site "204.178.125.65"]
[Date "2001.08.18"]
[Round "?"]
[White "ULTRAMODERNIST"]
[Black "Hossa"]
[Result "0-1"]
[WhiteElo "2636"]
[BlackElo "2550"]
[PlyCount "82"]
[EventDate "2001.??.??"]

1. d3 d5 2. Nf3 e6 3. Nbd2 Nf6 4. e4 Nc6 5. Be2 Bd6 6. O-O O-O 7. c3 Bd7 8. h3
Qe7 9. Re1 dxe4 10. dxe4 Rfd8 11. Qc2 e5 12. Nc4 Bc5 13. b4 b5 14. Ne3 Bd6 15.
a4 bxa4 16. Nc4 a5 17. b5 Na7 18. Nxd6 cxd6 19. Qxa4 Qe8 20. Rb1 Rdb8 21. c4
Nxe4 22. Qc2 Nc5 23. Be3 Qc8 24. Ng5 Bf5 25. Qd2 Bxb1 26. Rxb1 Nb7 27. Bd3 h6
28. Nf3 Qe6 29. Rc1 f5 30. Nh4 e4 31. Bf1 a4 32. f3 Nc5 33. Bxc5 dxc5 34. fxe4
fxe4 35. Qe3 g5 36. Nf3 Rd8 37. Re1 a3 38. Nd2 a2 39. Nxe4 Nc8 40. Ra1 Qe5 41.
Qe1 Rd4 {ULTRAMODERNIST resigns} 0-1

[Event "ICS rated blitz match"]
[Site "204.178.125.65"]
[Date "2001.08.18"]
[Round "?"]
[White "Hossa"]
[Black "Eronmoreira"]
[Result "1-0"]
[WhiteElo "2570"]
[BlackElo "2002"]
[PlyCount "27"]
[EventDate "2001.??.??"]

1. c4 d5 2. cxd5 Qxd5 3. Nc3 Qa5 4. e4 Nf6 5. Nf3 e5 6. Bc4 Bg4 7. Bxf7+ Kxf7
8. Qb3+ Kg6 9. Qxb7 Bb4 10. Qxa8 Bxc3 11. dxc3 Re8 12. Qb7 Nxe4 13. Qxe4+ Bf5
14. Nh4+ {Eronmoreira resigns} 1-0